The Elder Scrolls - Les princes Daedra - Statistiques

Statistiques générales
  • Ce quiz a été pris 132 fois
  • Le résultat moyen est 11 sur 17
Statistiques - réponses
Hint Réponse % Correct
Prince Daedra du viol, de la domination et de l'esclavage des mortels. Molag Bal
91%
Princesse Daedra de l'Aube et du Crépuscule, de l'équilibre entre le jour et la nuit. Azura
82%
Princesse Daedra de la nuit et des ténèbres. Nocturne
81%
Prince Daedra de la folie. Shéogorath
81%
Prince Daedra de la chasse, créateur de la lycantropie. Hircine
78%
Prince Daedra de la destruction, du changement, de la révolution, de l'énergie et de l'ambition. Mehrunes Dagon
77%
Prince Daedra des forêts, gardien de la connaissance et de la mémoire. Hermaeus Mora
70%
Prince Daedra des complots, des mensonges et des conspirations. Boéthia
65%
Prince Daedra du pouvoir, de la conjuration, des vœux et des mendiants. Vil Clavicus
60%
Princesse Daedra de la vie. Méridia
59%
Princesse Daedra de la putréfaction et de "l'ancienne obscurité". Namira
57%
Princesse Daedra du sexe, du meurtre et des secrets. Méphala
56%
Prince Daedra de la débauche et des péchés dans leur ensemble. Sanghin
55%
Prince Daedra de l'ordre et de la pestilence. Péryite
53%
Prince Daedra des bannis, des exclus et des malédictions. Malacath
49%
Princesse Daedra des rêves et des cauchemars, de la torture et des mauvais présages. Vaermina
48%
Prince Daedra de l'ordre et de la discipline. Jyggalag
38%
Aucun quiz correspondant
Distribution des résultats
% des personnes avec chaque résultat
Percentile par nombre de réponses
Votre historique - résultats
Vous n’avez pas pris ce quiz